Państwa świata z literą T - Statystyki

Ogólne statystyki
  • Ten quiz został rozwiązany 2 443 razy
  • Średni wynik to 38 z 54
Statystyki odpowiedzi
Państwa % Poprawnych
Turcja
95%
Turkmenistan
91%
Tadżykistan
90%
Tunezja
87%
Tajlandia
83%
Argentyna
82%
Australia
82%
Afganistan
80%
Austria
80%
USA
80%
Estonia
79%
Litwa
78%
Łotwa
77%
Tanzania
77%
Togo
77%
Pakistan
76%
Portugalia
76%
Uzbekistan
76%
Wielka Brytania
76%
Kazachstan
75%
Trynidad i Tobago
75%
Tajwan
74%
Watykan
74%
Egipt
73%
Zjednoczone Emiraty Arabskie
73%
Kirgistan
72%
Liechtenstein
71%
Demokratyczna Republika Konga
70%
Tonga
70%
Antigua i Barbuda
69%
Erytrea
69%
Tuvalu
68%
Etiopia
67%
Wietnam
66%
Wyspy Świętego Tomasza i Książęca
66%
Timor Wschodni
65%
Katar
64%
Kostaryka
63%
Malta
63%
Bhutan
62%
Haiti
61%
Kuwejt
61%
Saint Kitts i Nevis
60%
Saint Vincent i Grenadyny
60%
Botswana
59%
Mauretania
59%
Gwatemala
58%
Saint Lucia
58%
Dżibuti
57%
Eswatini
57%
Mauritius
56%
Vanuatu
56%
Kiribati
54%
Lesotho
53%
Nie znaleziono quizów pasujących do podanych kryteriów
Rozkład punktacji
Procent ludzi z każdym wynikiem
Percentyl według liczby udzielonych odpowiedzi
Twoja historia wyników
Nie rozwiązałeś tego quizu